[Event "8th EUROPEAN INDIVIDUAL CHESS CHAMPIONSHIP"]
[Site "Dresden/Germany"]
[Date "2007.04.12"]
[Round "9.23"]
[White "Gajewski, Grzegorz"]
[Black "Predojevic, Borki"]
[Result "1-0"]
[WhiteElo "2540"]
[BlackElo "2609"]
[PlyCount "89"]
[EventDate "2007.04.03"]

{Ãëÿíóëàñü ìíå è ñëåäóþùàÿ ïàðòèÿ. Îñîáåííî å¸ êîíöîâî÷êà.} 1. d4 d5 2. c4 c6
3. Nf3 Nf6 4. Nc3 e6 5. Bg5 h6 6. Bh4 dxc4 7. e4 g5 8. Bg3 b5 9. Be2 Bb7 10.
O-O Nbd7 11. Ne5 h5 12. Nxd7 Qxd7 13. Be5 Rh6 14. Qc1 Rg6 15. Rd1 Ng4 16. Bxg4
hxg4 17. b3 cxb3 18. axb3 f6 19. Bg3 Kf7 20. Qe3 a6 21. Rac1 Rc8 22. Qe2 f5 23.
Be5 Kg8 24. Rd3 Bg7 25. b4 Qf7 {
Áåëûå áåç ïåøêè, è óæå äàâíî, - íàäî ïðåäïðèíèìàòü ÷òî-òî êîíêðåòíîå...} 26.
Bxg7 Rxg7 27. exf5 exf5 (27... Qxf5 28. Ne4) 28. Re3 Rd8 {
Çàåçä çà ìàòåðèàëîì, â êîíå÷íîì èòîãå, îêàçûâàåòñÿ íåóäà÷íûì.} 29. Re1 {
Çà òàêóþ êðàñèâóþ êîíñòðóêöèþ ñâîèõ òÿæ¸ëûõ ôèãóð áåëûå ÿâíî íå ïîñêóïèëèñü.
} Rxd4 ({Íåóäà÷íî} 29... f4 30. Re6 f3 31. Qe5 {È â ñëó÷àå} Bc8 ({ïîñëå} 
31... Qf4 32. Re8+ Rxe8 33. Qxe8+ Qf8 {ñëåäóåò} 34. Qh5 $1 {
, è ÷¸ðíûå òåðÿþò ÂÑÅ ïåøêè ñâîåãî êîðîëåâñêîãî ôëàíãà:} Rh7 35. Qxg5+ Rg7
36. Qh5 $1 {è ò.ä.}) 32. Rxc6 fxg2 33. d5 {
ïîçèöèÿ ÷¸ðíûõ àáñîëþòíî íå âûçûâàåò äîâåðèÿ.}) 30. Re8+ Kh7 31. Qe5 Rd7 $2 (
{Áûë âðîäå áû øàíñ:} 31... c5 $1 {
, íàêîíåö-òî ââîäÿ â áîé ñâîþ ñàìóþ óðîäëèâóþ ôèãóðó. È íå âûèãðûâàåò} 32.
Re7 (32. Qxc5 Rc4 33. Qe5 Rc7) {èç-çà «æåðòâû» ôåðçÿ} 32... Qxe7 $1 ({
íî òîëüêî íå} 32... Qg6 $2 33. Rxg7+ Qxg7 34. Qxf5+ Kh6 35. h4 $3 Kh5 36. Ne2 {
, è ìîæíî ñäàâàòüñÿ}) 33. Qxf5+ Kg8 34. Rxe7 Rxe7 35. Qxg5+ Kf7 36. Qh5+ {
ñ âå÷íûì øàõîì}) 32. Qc5 {Î, ýòîò ñëîí!..} Rc7 33. h3 $1 {
Îñòîðîæíî! Ïðîâîäÿòñÿ âçðûâíûå ðàáîòû!} a5 ({Âçÿòèå} 33... gxh3 {
íàòàëêèâàåòñÿ íà «ïðåçðèòåëüíûé» ïðîìåæóòîê} {
íàòàëêèâàåòñÿ íà ïðåçðèòåëüíûé ïðîìåæóòîê} 34. R1e3 $1 ({
ïåøêîé ìåíüøå, ïåøêîé áîëüøå - â ïðèíöèïå, íåâàæíî; íî íå} 34. gxh3 $2 g4)
34... g4 ({èëè} 34... h2+ 35. Kh1 $1 g4 36. Rf8 Qd7 ({èëè} 36... Qg6 37. Ree8
$1) 37. Ne4 $1) 35. Rf8 Qg6 (35... Qd7 36. Ne4 $1) 36. Ree8 Kh6 37. Qe5 Rcf7
38. Rh8+ Rh7 39. Qf4+ Kh5 40. Ne4 $1 {, è âàðèàíò ìîæíî äàëüøå íå ïðîäîëæàòü.})
({Íå ïîìîãàåò è} 33... g3 34. fxg3 Bc8 (34... g4 35. Rf8 Qd7 36. Ne4 $1) 35. g4
Qc4 (35... fxg4 36. Ne4) 36. Qf8 Qg8 37. Qd6 Qc4 38. h4 $3 {ñ ðàçãðîìîì.}) 34.
hxg4 axb4 35. R1e3 $1 {Åù¸ áîëåå «ïðåçðèòåëüíûé» ïðîìåæóòîê, ÷åì óêàçàííûé
â ïðèìå÷àíèþ ê 33-ìó õîäó ÷¸ðíûõ.} ({Ìîæíî áûëî è} 35. Qe5 f4 (35... bxc3
36. Qh2+ $1 {Õîòÿ ñîãëàñèòåñü, òàêîé ïðûæîê íàçàä óâèäåòü íåëåãêî}) ({èëè} 
35... Rg8 36. Qh2+ Kg7 37. R8e6) 36. Re3 $3 fxe3 37. Qh2+ Kg6 38. Qh5+ Kf6 39.
Ne4# {Yo!}) 35... fxg4 ({Åñëè} 35... bxc3 {, òî âñ¸, â ïðèíöèïå, ïðîñòî} 36.
Rh3+ Kg6 37. Qd6+ Qf6 38. Rh6+ $1 Kxh6 {
È òåïåðü êóøàòü ôåðçÿ ìû íå áóäåì . ;) Ñûãðàåì «ïðîùå» -} 39. Qh2+ Kg6 40.
Qh5#) 36. Ne4 {Ó ÷¸ðíûõ - òðè ëèøíèõ ïåøêè? Ïðàâî, êàêèå ïóñòÿêè...} Re7 ({Åñëè
} 36... Rc8 {, òî, â êîíöå êîíöîâ, ÷¸ðíûõ îæèäàåò ñëåäóþùåå:} 37. Nd6 ({èëè} 
37. Qc2 $1) 37... Rxe8 38. Nxf7 Rxe3 39. Qf5+ $1 Kg8 40. Nh6+ Kh8 41. fxe3 {
è ò.ä.}) 37. Nxg5+ Rxg5 38. R8xe7 ({«Êðó÷å»} 38. Qc2+ $1 {
, íî ýòî óæå íåâàæíî.}) 38... Rxc5 39. Rxf7+ Kg6 40. Rxb7 Rc1+ 41. Kh2 Kf5 42.
Kg3 Rc3 43. Rf7+ Kg5 44. Rxc3 {Ïåðåâîäÿ èãðó â îäíîëàäåéíûé ýíäøïèëü..} bxc3
45. Rc7 ({Êîíå÷íî æå, ó ÷¸ðíûõ íè÷åãî íå ïîëó÷àåòñÿ:} 45. Rc7 b4 46. Rxc6
Kf5 47. Rc4 Ke5 48. Rxb4 {, ïîýòîìó îíè è ñäàëèñü.}) 1-0

[Event "8th EUROPEAN INDIVIDUAL CHESS CHAMPIONSHIP"]
[Site "Dresden/Germany"]
[Date "2007.04.12"]
[Round "9.32"]
[White "Werle, Jan"]
[Black "Naiditsch, Arkadij"]
[Result "0-1"]
[WhiteElo "2556"]
[BlackElo "2654"]
[Annotator "Ëåáåäåâ Âàñèëèé"]
[PlyCount "80"]
[EventDate "2007.04.03"]

{Ëþáîïûòíàÿ íîâîèíäèéñêàÿ äóýëü ñëó÷èëàñü â ñëåäóþùåì, âåñüìà èíòåðåñíîì,
ïîåäèíêå.} 1. Nf3 Nf6 2. c4 c5 3. Nc3 d5 4. cxd5 Nxd5 5. d4 e6 6. e3 cxd4 7.
exd4 Be7 8. Bd3 b6 9. O-O Bb7 10. Ne5 O-O 11. Qh5 g6 12. Qh3 Nc6 13. Bh6 Nxd4
$5 {Äóìàåòñÿ, íîâèíêà...} ({Ðàíåå ÷¸ðíûå èãðàëè} 13... Re8 {
, ïîñëå ÷åãî èëè óñïåøíî æåðòâîâàëè êà÷åñòâî, íî çà áåëîïîëüíîãî ñëîíà:} 14.
Bb5 ({èëè èãðàëè â ñâî, óäîâîëüñòâèå ïîñëå} 14. Ba6 Bxa6 15. Nxc6 Qd7 16. Ne5
Qb7 17. Rfe1 Nxc3 18. bxc3 Qd5 19. Bf4 f6 20. Ng4 h5 21. Ne3 Qe4 22. Be5 Kf7
23. Bg3 Bc8 24. f3 Qc6 25. Rac1 e5 26. Qh4 f5 27. d5 Bxh4 28. dxc6 Bxg3 29.
hxg3 Be6 30. c4 Rac8 31. Nd5 Rxc6 32. Rxe5 Bxd5 33. Rxd5 Re7 34. Kf2 Kf6 35. a4
Re5 36. Rb5 Rec5 37. Rxc5 Rxc5 38. Ke3 Ra5 39. Ra1 Kg5 40. Ra2 h4 41. f4+ Kg4
42. gxh4 Kg3 43. Ra3 Kxg2 44. Ra2+ Kg3 45. Ra1 Kg4 46. h5 {
1/2 Dizdar,G (2563)-Gurevich,D (2545)/Geneve 1999}) 14... Rc8 15. Rac1 Nxd4 16.
Bxe8 Qxe8 17. Nxd5 Bxd5 18. Qg4 Nf5 {è ò.ä.} 19. Rxc8 Qxc8 20. Rc1 Qa8 21. Bd2
Qe8 22. b3 f6 23. Nd3 e5 24. Nb4 Be6 25. Qe4 Qd7 26. Be1 a5 27. Nc6 Bc5 28.
Nxa5 Ba3 29. Rc2 bxa5 30. Qa8+ Bf8 31. Qxa5 Nd4 32. Rc7 Qd6 33. h3 Ne2+ 34. Kh1
Nf4 35. Ra7 Qd3 36. Qa6 Qe4 37. Qb7 Qxb7 38. Rxb7 Nd3 39. Bd2 Nxf2+ 40. Kh2 Nd3
41. Rb8 Kf7 42. Rb7+ Be7 43. Be3 Bd5 44. Rb5 Ke6 45. a4 f5 46. a5 f4 47. a6
fxe3 48. Rxd5 Kxd5 49. a7 e2 50. a8=Q+ Kd4 {
0-1 Lahiri,A (2353)-Vladimirov,E (2628)/Pune 2004}) 14. Bxf8 Bxf8 15. Nxd5 Qxd5
16. Rfe1 Bb4 17. Be4 ({Íè÷åãî íåò ó áåëûõ â ñëó÷àå} 17. Ng4 Qg5 $1 18. Nh6+ (
18. Red1 h5) 18... Kg7 19. Nxf7 Qf4 $1 20. Ne5 Bxe1 21. Rxe1 Rc8) ({Ëþáîïûòíî
} 17. Re3 $5 {, ïðîâîöèðóÿ (íà ñâîþ ãîëîâó) ÷¸ðíûõ íà} Bd2 $1 (17... f5 18.
Bc4) (17... Nf5 18. Bxf5 exf5 19. Qf3) ({ìîæíî è «çàðûáèòüñÿ»:} 17... Rf8 18.
Bc4 Qc5 19. Rd1 Nf5 20. Re2 Nd4 21. Re3) 18. Nxf7 Bxe3 19. fxe3 {
È íàõîäèòñÿ õèòðþùåå} Rf8 $3 {- êàê áû «çåâîê» ôèãóðû. Õà!} ({òåïåðü ïëîõî} 
19... Kxf7 20. Qxh7+ Kf8 21. Qh6+ Ke7 22. Qg7+ Kd6 23. Qxd4) ({ñëàáî è} 19...
Nf5 20. Ng5 h5 21. e4 Qd4+ 22. Kh1 Qxb2 23. Rf1 {è ò.ä.}) 20. Nh6+ Kg7 21. exd4
Qxd4+ 22. Kh1 Bd5 $3 {
, è æåëàþùèå ìîãóò ïîïðîáîâàòü çàùèòèòü ýòó ïîçèöèþ çà ÷¸ðíûõ.} 23. Rg1 $5 (
{ýòî, êîíå÷íî, Rybka òàê îáîðîíÿåòñÿ;} 23. Rc1 Qf4 $1) (23. Ng4 h5) 23... Rf4
24. Be2 Rh4 25. Qg3 Kxh6 26. Rf1 g5 27. b3 Rf4 {è ò.ä.}) 17... Qxe5 18. Bxb7
Bxe1 19. Bxa8 Ne2+ 20. Kh1 ({Â öåíòð èäòè íåëüçÿ - ïîáüþò:} 20. Kf1 Qb5 $1 21.
Qg4 (21. Kxe1 Nd4) (21. Rxe1 Nf4+) 21... Nd4+ 22. Kg1 (22. Kxe1 Qxb2 {è ò.ä.})
22... Bxf2+ $1 23. Kh1 (23. Kxf2 Qxb2+) 23... Qxb2 24. Rd1 Nf5 {è ò.ä.}) 20...
Bxf2 21. Rf1 {Ïîñëå ýòîãî ÷¸ðíûå ïðîâîäÿò àòàêó, ïðè÷¸ì, äî óæàñà ëîâêî!} ({
Rybka âèäèò ðàâåíñòâî ïîñëå} 21. Qf3 Bh4 (21... Bg1 $5 22. Rxg1 Nxg1 23. Kxg1
Qd4+ 24. Kf1 Qxb2 25. a3) 22. g3 $1 (22. Rf1 f5) {È åñëè ïîçèöèÿ ïîñëå} 22...
Bxg3 $5 ({ìîæåò, òóò íàäî ïðåêðàòèòü «ôååðèòü» è çàíÿòüñÿ äåëîì -} 22... Bf6
23. Re1 Nd4 $1 24. Rxe5 Nxf3 25. Re3 Nd4 {è ò.ä.}) 23. hxg3 Nxg3+ 24. Kg1 (24.
Kg2 $2 Qxb2+) 24... Ne2+ 25. Kg2 (25. Kh1 Ng3+) (25. Kf2 Qxb2) 25... Qxb2 {
íè÷åéíà, òî ÿ Ãàððè Êàñïàðîâ. Êàê ìíå êàæåòñÿ, çäåñü âîçìîæíî âñ¸ ÷òî óãîäíî!
}) 21... Bg3 $1 22. Bf3 ({Åñëè} 22. hxg3 {, òî âñ¸ áûñòðî çàêàí÷èâàåòñÿ:}
Nxg3+ 23. Kg1 Qd4+ 24. Rf2 Ne2+) 22... Bxh2 $1 {
Åù¸ òèïà «æåðòâà», êîòîðóþ, ðàçóìååòñÿ, ïðèíèìàòü íåëüçÿ:} 23. Bxe2 (23.
Qxh2 Ng3+ 24. Kg1 Qe3+ 25. Rf2 Qe1+ 26. Rf1 Nxf1 $19) 23... Qxe2 24. Qf3 ({
Ê ñîæàëåíèþ äëÿ áåëûõ, íå óäà,òñÿ óëèçíóòü â áîëåå èëè ìåíåå ïðèåìëåìûé
ôåðçåâûé ýíäøïèëü ïóò,ì} 24. Rxf7 $5 Kxf7 25. Qxh7+ Kf6 26. Qh8+ (26. Kxh2 Qh5+
) 26... Kg5 $1 27. Qd8+ (27. Kxh2 Qh5+) 27... Kg4 28. Kxh2 (28. Qd4+ Bf4) 28...
Qe5+ $1 29. Kg1 (29. g3 {íåñåðü,çíî:} Qxb2+ 30. Kg1 Qa1+ 31. Kf2 Qxa2+ {è ò.ä.}
) 29... Qe1+ 30. Kh2 Qh4+ $1 {
, è íåèçáåæíîå (ïåðåõîä â ïåøå÷íûé ýíäøïèëü) - ñâåðøèëîñü}) 24... Qxf3 25.
Rxf3 Bd6 {Ïîëå à3 ñòàíîâèòñÿ íåäîñòóïíûì äëÿ ëàäüè.  Äóìàåòñÿ, ÷òî äàæå åñëè
áû ó ÷¸ðíûõ íå áûëî ñëîíà, òî ó íèõ ñîõðàíÿëèñü íåêîòîðûå øàíñû, ïî êðàéíåé
ìåðå, íà íè÷üþ, îñîáåííî áåç ïåøåê ôåðçåâîãî ôëàíãà. Ìîæåò áûòü, «êîìï»
ïðîòèâ ÷åëîâåêà òóò è óñòîÿë áû...} 26. Kg1 ({Èëè} 26. Rd3 Bc5 27. Rd7 a5)
26... Bc5+ 27. Kf1 h5 28. Ke2 Kg7 29. Kd3 f5 30. Kc4 a5 31. a3 g5 {
Öóíàìè, öóíàìè! Íà áåëûõ èä¸ò öóíàìè!} 32. b4 axb4 33. axb4 g4 $1 {
À ýòî óæå êàêîé-òî «æóðàâëèíûé êëèí â ÷óæèå ðóáåæè». Ðàçâÿçêà áëèçêà.} 34.
Rf1 Be7 35. Kb5 h4 36. Rb1 (36. Kxb6 Bxb4) 36... f4 37. Kxb6 f3 38. gxf3 ({Èëè
} 38. Rb2 g3 $1 39. gxf3 h3) 38... g3 $1 39. Kc6 g2 ({
Â àíàëèçå ìîæíî íåìíîãî è ïîâûêàáëó÷èâàòüñÿ:} 39... h3 $6 40. b5 h2 41. b6 g2
42. b7 Bd6 $1 43. Kxd6 g1=Q 44. b8=Q Qg3+ 45. Kxe6 Qxb8 46. Rxb8 h1=Q {
Ìîæåò áûòü, ýòà ïîçèöèÿ è âûèãðàíà. Íàëèìîâñêàÿ áàçà ãîâîðèò, ÷òî «äà»...})
40. b5 Bd8 {
Âñå õîäû ñäåëàíû, êîíòðîëü ïðîéäåí, ïîçèöèÿ áåçíàä¸æíà. Ìîæíî ñäàâàòüñÿ.} 0-1

[Event "8th EUROPEAN INDIVIDUAL CHESS CHAMPIONSHIP"]
[Site "Dresden/Germany"]
[Date "2007.04.12"]
[Round "9.61"]
[White "Sulskis, Sarunas"]
[Black "Jobava, Baadur"]
[Result "1-0"]
[WhiteElo "2528"]
[BlackElo "2658"]
[Annotator "Ëåáåäåâ Âàñèëèé"]
[PlyCount "91"]
[EventDate "2007.04.03"]

{Êëàññè÷åñêóþ áèòâó ïðè ðàçíîñòîðîííèõ ðîêèðîâêàõ ìû áóäåì íàáëþäàòü â
ñëåäóþùåì ôðàãìåíòå.} 1. e4 c5 2. Nf3 d6 3. d4 cxd4 4. Nxd4 Nf6 5. Nc3 Nc6 6.
Bg5 e6 7. Qd2 Be7 8. O-O-O O-O 9. h4 Nxd4 10. Qxd4 Bd7 11. Kb1 Bc6 12. Rh3 $5 {
Ïîõîæå, íîâîââåäåíèå. Ðåàêöèÿ íà íåãî ÷¸ðíûõ îêàçàëàñü íåóäà÷íîé.} ({
Ðàíüøå èãðàëè} 12. f3 {, è âîò ÷òî èç ýòîãî ïîëó÷àëîñü:} Qa5 13. Qd2 b6 14.
g4 Rfd8 15. Bd3 Kf8 16. h5 h6 17. Be3 d5 18. exd5 Nxd5 19. Nxd5 Qxd2 20. Rxd2
Bxd5 21. Be2 Bg5 22. Bxg5 hxg5 23. Rhd1 Ke7 24. c4 Bc6 25. Rxd8 Rxd8 26. Rxd8
Kxd8 27. Kc2 Kc7 28. Kc3 Kd6 29. Kd4 a5 30. b3 f5 31. a3 e5+ 32. Kc3 f4 33. Kd3
Kc5 34. Kc3 e4 35. b4+ Kd6 36. fxe4 Bxe4 37. Kd4 Bg2 38. Bd3 Bf3 39. Bf5 Be2
40. Bc8 f3 41. Ke3 Bxc4 42. Kxf3 Ke5 43. Ke3 Bf7 44. bxa5 bxa5 45. Bd7 Kd6 46.
Bc8 Kd5 47. Ba6 Be6 48. Be2 Ke5 49. Bf3 Bd5 50. Be2 Bf7 51. Bf3 Be6 52. Bd1 Bc8
53. Bf3 Ba6 54. Bg2 Bc8 55. Bf3 Bd7 56. Bd1 Kd5 57. Be2 Bc8 58. Bd1 Bd7 59. Be2
Ba4 60. Ba6 Bc2 61. Be2 Bb1 62. Bf1 Kc5 63. Be2 Kd5 64. Bf1 Ba2 65. Be2 Bc4 66.
Bd1 Ke5 67. Bf3 {
1/2-1/2 Ni Hua (2614)-Jobava,B (2614)/Internet Chess Club 2006/CBM 111 ext})
12... Qa5 13. Qd2 Kh8 14. Bd3 b5 $6 {Ñîáëàçíèòåëüíî, íî...} 15. Nxb5 $1 {
Íè÷åãî íå áîÿñü!} Qb6 16. Nc3 Rfb8 17. b3 a5 {Ïîåõàëè!} 18. h5 a4 19. h6 {
Áåëûå óñïåëè ïåðâûìè! È, ïî ìíåíèþ «æåëåçÿê», ó ÷¸ðíûõ òóò ïðîèãðàíî!} Qa5
({Åñëè} 19... g6 {, òî} 20. Qf4 Ng8 (20... Qd8 21. Rf3) 21. Bxe7 Nxe7 22. Qf6+
Kg8 23. Qg7#) ({Äàáû îáëåã÷èòü âîñïðèÿòèå, ðàçáåð¸ì òóò ïîïûòêó} 19... axb3
20. hxg7+ Kg8 (20... Kxg7 21. Bxf6+ {- èëè ìàò, èëè ðàçãðîì}) 21. cxb3 Ra3 ({
èëè} 21... Qd4 22. Bxf6 Qxf6 23. e5 $1) 22. Bxf6 Bxf6 ({èëè} 22... Rxb3+ 23.
Ka1 $1 Bxf6 24. e5 $1) 23. e5 Rxb3+ 24. Ka1 Bxg7 25. Bxh7+ {
êóäà áû íå îòñòóïèë ÷¸ðíûé êîðîëü, íè÷åãî õîðîøåãî åãî íå æä,ò:} Kf8 ({èëè} 
25... Kh8 26. Bc2+ Kg8 27. Bxb3 Bxe5 28. Qg5+ Kf8 29. Rxd6 $1) 26. Qxd6+ Ke8
27. axb3 Bf8 28. Qd4 Qxb3 29. Rd2 Ra8+ 30. Ra2 Rxa2+ 31. Nxa2) ({
Ñàìûì ñèëüíûì Rybka ñ÷èòàåò} 19... Rg8 {, íî ÷åëîâåê òàê íèêîãäà íå ïîéä¸ò! 
Óæ ëó÷øå ñãîðåòü àòàêóÿ, ÷åì áûòü ðàçäàâëåííûì, «òóïî» îáîðîíÿÿñü,
íàïðèìåð, ïîñëå} 20. Qf4 Qd8 21. Rf3) 20. hxg7+ Kg8 21. e5 $1 ({
Âèäèìî, ÷óòü ñèëüíåå âñ¸ æå} 21. Bxf6 {è ò.ä.}) 21... axb3 22. cxb3 Ne4 $1 {
Ýôôåêòíî, íî âñ¸ ýòî óæå íå èìååò çíà÷åíèÿ.} 23. Bxe4 ({Íî íå} 23. Nxe4 Rxb3+
$1) {Òåïåðü ÷¸ðíûå ïðîèçâåäóò ìíîãî øàõîâ, îò êîòîðûõ áóäåò ìàëî ïîëüçû.}
23... Rxb3+ 24. axb3 ({Ìîæíî áûëî èãðàòü è} 24. Ka1 Bxe4 25. Bxe7 Bf5 26. exd6
Bxh3 {È òåïåðü} 27. d7 Rxc3 28. d8=Q+ Rxd8 29. Qxd8+ Qxd8 30. Rxd8+ Kxg7 31.
Kb2 {è ñàìîå âðåìÿ îïóñêàòü çàíàâåñ.}) 24... Bxe4+ 25. Nxe4 Qa1+ 26. Kc2 Ra2+
27. Kd3 Rxd2+ 28. Rxd2 Qb1+ 29. Kc3 Qa1+ 30. Kd3 Qb1+ 31. Kc3 Qa1+ 32. Kb4 $1 {
Ñàìîå áåçîïàñíîå ìåñòî!} Bxg5 33. Nxg5 Qxe5 34. Rc2 $1 {Àòàêà ïðîäîëæàåòñÿ.}
Qe1+ ({Òåïåðü íåâàæíî áûëî êàê} 34... Qxg5 35. Rc8+ Kxg7 36. Rg3) ({
òàê è 34...Qd4+ 35.Kb5 Kxg7 36.Rc7} 34... Qd4+ 35. Kb5 Kxg7 36. Rc7) ({
Êîíå÷íî, ñìåøíî òðåáîâàòü îò ÷åëîâåêà, äàæå îò ãðîññìåéñòåðà, êîìïüþòåðíîé
öåïêîñòè â çàùèòå ïîäîáíûõ ïîçèöèé, íî óêàæó, ÷òî, âèäèìî, ñàìûì óïîðíûì áûëî} 
34... h6 {, ïûòàÿñü íàðóøèòü êîîðäèíàöèþ àòàêóþùåãî áåëîâîãî âîèíñòâà:} 35.
Nf3 Qf5 {è áü,ì ïåøêó íà g7.}) 35. Ka4 Kxg7 36. Rg3 Qa1+ 37. Kb5 Kf6 38. Rc7 ({
Âðåìåíè, ÷òîáû ñ÷èòàòü õèòðûå âàðèàíòû íàïîäîáèå} 38. Nxh7+ Ke5 (38... Kf5
39. Rc4 $1) (38... Ke7 39. Rc7+ Kd8 40. Rxf7) 39. Re2+ Kf5 40. Rg5+ Kf4 41. Re3
{, âèäèìî, óæå íå îñòàâàëîñü.}) 38... h6 39. Ne4+ Ke5 40. Re3 Qf1+ 41. Kb4 Qxg2
42. Rxf7 {Îïÿòü æå, ÷åëîâå÷åñêèé õîä.} ({Ïîñëå} 42. Ng3+ $1 Kf6 (42... Kd5 43.
Rd3+ Ke5 44. Rxf7) 43. Nh5+ Kg5 44. Rg3+ {âñ¸ çàêàí÷èâàëîñü.}) 42... Kd5 43.
Nc3+ ({Îïÿòü «êîìï» âûäà¸ò «êîìáèíàöèîííîå» ðåøåíèå ïîçèöèè:} 43. Nf6+ Kd4
44. Rc7 Qxf2 45. Rc4+ Kxe3 46. Ng4+ {. ×òî æ, ïðèìåì ýòî ê ñâåäåíèþ.}) 43...
Kc6 44. Rxe6 h5 45. Ree7 {Ìàòîâàÿ êëåòêà ãîòîâà.} Qg4+ ({Èëè} 45... d5 46. Rf6#
) ({Èëè} 45... h4 46. Rc7+ Kb6 47. Na4+ Ka6 48. Ra7#) 46. f4 ({Òóò, êîíå÷íî,
áåëûå âûèãðûâàþò êàê óãîäíî, íî ïðèâåäó îäèí «êîøêî-ìûøêèíñêèé âàðèàíò»:} 
46. f4 Qc8 47. f5 h4 48. f6 h3 49. Rc7+ $1 Qxc7 50. Rxc7+ Kxc7 51. f7 h2 52.
f8=Q h1=Q {Íåóæåëè áåëûå ïðîñ÷èòàëèñü? ;)  Êàê áû íå òàê!} 53. Nb5+ Kd7 ({
èíà÷å ñëåäóåò ìàò â íåñêîëüêî õîäîâ:} 53... Kb6 54. Qd8+ Ka6 55. Qxd6+ Kb7 56.
Qc7+ Ka6 57. Qa7#) 54. Qf7+ Kc6 55. Qc7+ Kd5 56. Qb7+ {, è âñ¸.}) 1-0

[Event "8th EUROPEAN INDIVIDUAL CHESS CHAMPIONSHIP"]
[Site "Dresden/Germany"]
[Date "2007.04.12"]
[Round "9.95"]
[White "Womacka, Mathias"]
[Black "Kritz, Leonid"]
[Result "1-0"]
[WhiteElo "2460"]
[BlackElo "2593"]
[Annotator "Ëåáåäåâ Âàñèëèé"]
[PlyCount "53"]
[EventDate "2007.04.03"]

{Íó è íà çàêóñêó. Ñìîòðèì êëàññíóþ (è êîððåêòíóþ!) àòàêó, óäàâøóþñÿ áåëûì
â ñëåäóþùåé ïàðòèè, êîòîðàÿ áûëà ñûãðàíà äàëåêî îò äîñîê, ãäå èãðàëè ëèäåðû...
.} 1. e4 c5 2. Nf3 Nc6 3. d4 cxd4 4. Nxd4 Qb6 5. Nb3 Nf6 6. Nc3 e6 7. Bd3 a6 8.
O-O Be7 9. Kh1 O-O 10. f4 Qc7 11. e5 Ne8 12. Be3 d6 13. exd6 Nxd6 14. f5 $1 Nb4
({Ïîñëå} 14... Nxf5 {÷¸ðíûå - ïîä ïðåññîì:} 15. Bxf5 exf5 16. Nd5 {
- ôåðç¸ì íàäî îòñòóïàòü. Íî êóäà?} Qd8 (16... Qb8 17. Nb6 {- áåç êà÷åñòâà}) (
16... Qd7 17. Re1 ({õóæå} 17. Nb6 Qxd1 18. Raxd1 f4 $1) 17... Bh4 (17... Bd8
18. Nc5 Qd6 19. Na4) 18. Nb6 Qxd1 19. Rexd1 Re8 20. Bc5 Rb8 21. Bd6 Bd8 22.
Bxb8 {- îïÿòü áåç êà÷åñòâà}) 17. Bb6 Qd7 18. Re1 Bh4 (18... Bd8 19. Nc5 Qd6
20. Na4 $1) 19. Nc5 Qd6 20. Ne6 $1 {- áåç ôåðçÿ.}) ({
Õîðîøî «óòðàìáîâàííûìè» âûãëÿäÿò ôèãóðû ÷¸ðíûõ ïîñëå} 14... exf5 15. Nd5 Qb8
16. Nb6) {À òåïåðü óìåñòíî èçäàòü âîçãëàñ íàïîäîáèå: «Éî-õî-õî»! Èáî ñëåäóåò
} 15. f6 $1 Bxf6 ({. âñ¸ îñòàëüíîå, ðàçóìååòñÿ íå ñîëèäíî:} 15... Nxd3 16. fxe7
) ({èëè} 15... gxf6 16. Qg4+ Kh8 17. Bxh7 $1 {ñ ðàçãðîìîì.}) 16. Bxh7+ $1 Kxh7
({Ðàçóìååòñÿ, áèòü ñëîíà íàäî:} 16... Kh8 17. Qh5 $18) 17. Rxf6 $1 {Ýõ! Õîðîøî!
} Rd8 {Â ðåçóëüòàòå ëèõîãî íàòèñêà âûÿñíèëîñü äâå âåùè: íà äîñêå ìàòåðèàëüíîå
ðàâåíñòâî. È òî, ÷òî ó áåëûõ ñèëüíåéøàÿ àòàêà.} ({Ïðèíèìàòü äàëüíåéøèå
æåðòâîïðèíîøåíèÿ áûëî óæå íåóìåñòíî: 17...gxf6 18.Qh5+ Kg8 (18...Kg7 19.Bh6+).
} 17... gxf6 18. Qh5+ Kg8 (18... Kg7 19. Bh6+) 19. Qg4+ Kh7 20. Qxb4 {
- ó ÷¸ðíûõ îñòàëîñü òàêîå «ëèøíåå» êà÷åñòâî, î êîòîðîì ñòîèò êðè÷àòü íà
âñåõ óãëàõ} Rd8 21. Bb6 {).}) 18. Rf4 $1 {Òåìï!} ({
Âûèãðûø âñåãî ëèøü êàêîé-òî æàëêîé ïåøå÷êè ïîñëå} 18. Qh5+ Kg8 19. Rf3 Nf5 20.
Bg5 f6 21. Bxf6 $1 gxf6 22. Qg4+ Qg7 (22... Kf7 23. Rh3) 23. Qxb4 {
âäîõíîâèòü íå ìîæåò.}) 18... Nf5 ({Â ñëó÷àå} 18... Nc6 {íàòèñê âñåé áåëîé
àðìàäû ïðîòèâíèê âûäåðæàòü íå â ñîñòîÿíèè. È íè÷åãî æåðòâîâàòü áåëûì íå
ïðèøëîñü áû! À èìåííî:} 19. Qh5+ Kg8 20. Rh4 f6 (20... f5 21. Bg5 Ne7 22. Rd1)
21. Qh7+ (21. Rf1) 21... Kf7 ({(ïîñëå} 21... Kf8 22. Rg4 {
ãðîçèò «æåðòâà» íà g7 è Bh6 , à åñëè} Nf5 (22... Qf7 23. Rxg7 $1 Qxg7 24. Bh6
$18) {, òî} 23. Bc5+ Nce7 24. Rf1 $18) 22. Rg4 Rg8 23. Rf1 Ne7 (23... b5 24.
Rxf6+ $1) 24. Bd4 Ndf5 25. Ne4 $1 e5 26. Bc5 {
, è ýòî «ïîçèöèîííîå» èçáèåíèå ÷¸ðíûõ ñêîðî çàêîí÷èòñÿ.}) 19. Qh5+ Kg8 20.
Rxb4 Nxe3 21. Rh4 {
Åù¸ ïî ïàðå ôèãóð óøëî ñ ïîëÿ, íî àòàêà áåëûõ ñëàáåå íå ñòàíîâèòñÿ.} f6 ({
Íå ñïàñ¸ò è «ðåçêîå»} 21... f5 22. Re1 f4 (22... Nxc2 23. Nd5 $1 Qd7 24. Nf6+
$1) 23. Nd4 $1 ({ñëèøêîì ïî-êîìïüþòåðíîìó âûãëÿäèò} 23. Ne4 $1 Nf5 24. Ng5 Nh6
25. Qg6 Qe5 26. Nf3 Qf5 27. Rxh6) 23... Kf8 (23... Rxd4 24. Qe8#) (23... e5 24.
Nf3 Ng4 25. Qh8+ Kf7 26. Ng5+) 24. Nf3 $1 Nf5 (24... b5 25. Rxe3 $1 fxe3 26.
Ne5 Ra7 27. Qf3+ Ke7 28. Nc6+) 25. Ng5 Nxh4 {
è âñ¸ çàêàí÷èâàåòñÿ øèêàðíûì óäàðîì} 26. Rxe6 $3) 22. Qh8+ ({
Âèäèìî, íå òàê ñèëüíî:} 22. Re1 Nf5 23. Nd5 $1 Qd7 (23... Qxc2 24. Nxf6+ $1 Kf8
25. Ne4 Nxh4 26. Qh8+ Kf7 27. Ng5+ Ke7 28. Qxh4 {è ò.ä.}) 24. Rh3 $1 (24. Nxf6+
gxf6 25. Qh8+ Kf7 26. Qh7+ Kf8 $11) 24... Qxd5 25. Qh7+ Kf7 26. Rd3 {
è íàäî ðåàëèçîâûâàòü ôåðçÿ.}) 22... Kf7 23. Qh5+ Kg8 ({Ïîõîæå, ìîæíî áûëî åù¸
ïîñòàâèòü ïåðåä áåëûìè ÷óòü áîëåå ñåðü¸çíûå çàäà÷è ïóòü} 23... Kf8 $5 {
, õîòÿ è òóò åñòü äîðîæêà ê ïîáåäå:} 24. Qg6 Nf5 25. Rh7 Qe5 ({èëè} 25... Qf7
26. Rh8+ Ke7 27. Qxf7+ Kxf7 28. Rxd8) ({èëè} 25... b6 26. Rf1 Qe5 27. Nd2 $1
Ra7 (27... Rxd2 28. Rh8+ Ke7 29. Qe8+ Kd6 30. Qd8+) 28. Nc4 Qc5 29. b3 $1 Rad7
30. Ne4 Qd4 31. Ng3 {è ò.ä.}) 26. Rf1 Bd7 27. Nd4 $3 Be8 (27... Nxd4 28. Qxg7+)
(27... Qxd4 28. Rxf5) 28. Rh8+ Ke7 29. Nxf5+ exf5 30. Qxg7+ Bf7 31. Rh7 Rf8 32.
Qh6 {- êîíå÷íàÿ ïîçèöèÿ, êîíå÷íî, íå ñòîëü «âûèãðûøíà» êàê ïîëó÷àþùàÿñÿ
â ïàðòèè.}) 24. Ne4 $1 Nf5 ({Ïîñëå} 24... Qxc2 {
ïðàâà ãðàæäàíñòâà ïîëó÷àåò ñëåäóþùèé óäèâèòåëüíûé âàðèàíò:} 25. Rg1 $3 ({
ñëèøêîì «ïðîçàè÷íî» ;)} 25. Nxf6+ $1 {òåïåðü óäàð íà f6 ãðîçèò «âñåðü¸ç»})
25... Nf5 (25... Qxb2 26. Nd6 $1) 26. Nd4 $3 {
Ìîæåò ëè ñóùåñòâîâàòü áîëåå êðàñèâûé õîä â ïðèðîäå?  ;)} Nxd4 (26... Qd3 27.
Nxf5 exf5 28. Nxf6+ $1) (26... Rxd4 27. Qe8#) 27. Nd6 $1 {È âñ¸! Òî åñòü:} Qh7
28. Qf7+ Kh8 29. Ne8 $1) 25. Qh7+ Kf7 26. Rg4 $1 Qxc2 ({
Òóò óæå õîðîøåãî äëÿ ÷¸ðíûõ ìàëî:} 26... Qe5 27. Rf1) ({èëè} 26... Bd7 27.
Qg6+ Ke7 28. Nd4 $1) ({Äîñòàòî÷íî äëèííûé âàðèàíò áåçíàä¸æíîãî ñîïðîòèâëåíèÿ
óäàëîñü íàñêðåñòè ëèøü ïîñëå} 26... b6 27. Rf1 Qe7 (27... Bb7 28. Rxg7+ $1 Nxg7
29. Rxf6+) 28. Rg6 Ke8 29. Kg1 $1 Ra7 (29... Bb7 30. Rxf5 $1) 30. g4 $1 {è ò.ä.
}) {À òåïåðü ÷¸ðíûå òåðÿþò ñâîåãî ôåðçÿ, îïðîìåò÷èâî ïîëàêîìèâøåãîñÿ ïåøêîé
íà ïîëå ñ2, êîòîðàÿ, êàê îêàçûâàåòñÿ, õîäèëà ïîä «êðûøåé» àâòîðèòåòà,
ðàñïîëîæèâøåãîñÿ â ðàéîíå ïóíêòà h7!} 27. Rxg7+ $1 ({È, íå äîæèäàÿñü èñïîëíåíèÿ
} 27. Rxg7+ $1 Nxg7 28. Ng5+ fxg5 29. Qxc2 {, ÷¸ðíûå ñäàëèñü.}) 1-0